NBA Arenas - Statistics

General Stats
  • This quiz has been taken 13 times
  • The average score is 18 of 30
Answer Stats
Team Answer % Correct
LA Lakers Crypto.com Arena
82%
LA Clippers Intuit Dome
82%
New York Knicks Madison Square Garden
82%
Boston Celtics TD Garden
82%
Chicago Bulls United Center
82%
Sacramento Kings Golden 1 Center
73%
Charlotte Hornets Spectrum Center
73%
Minnesota Timberwolves Target Center
73%
Houston Rockets Toyota Center
73%
Denver Nuggets Ball Arena
64%
Brooklyn Nets Barclays Center
64%
Golden State Warriors Chase Center
64%
Portland Trailblazers Moda Center
64%
Cleveland Cavaliers Rocket Mortgage Fieldhouse
64%
Toronto Raptors Scotiabank Arena
64%
New Orleans Pelicans Smoothie King Center
64%
Atlanta Hawks State Farm Arena
64%
Dallas Mavericks American Airlines Center
55%
Washington Wizards Capital One Arena
55%
Indiana Pacers Gainbridge Fieldhouse
55%
Detroit Pistons Little Caesars Arena
55%
Memphis Grizzlies FedExForum
45%
Phoenix Suns Footprint Center
45%
San Antonio Spurs Frost Bank Center
45%
Miami Heat Kaseya Center
45%
Orlando Magic Kia Center
45%
Oklahoma City Thunder Paycom Center
45%
Philadelphia 76ers Wells Fargo Center
45%
Utah Jazz Delta Center
36%
Milwaukee Bucks Fiserv Forum
36%
No matching quizzes found
Score Distribution
Percent of People with Each Score
Percentile by Number Answered
Your Score History
You have not taken this quiz